| 000 | 00411cam a2200145ua 4500 | ||
|---|---|---|---|
| 003 | OSt | ||
| 008 | 210211b ||||| |||| 00| 0 eng d | ||
| 082 |
_a664 _bSWA/ES |
||
| 100 |
_aSwaminathan, M . _9176 |
||
| 245 | _aEssentials of food and nutrition: Appliled aspects Vol.I / | ||
| 250 | _a2 / En Rv | ||
| 260 |
_aBangalore : _bBangalore Printing & Publishing co. Ltd , _c2008 |
||
| 300 | _a544 | ||
| 942 | _cBK | ||
| 999 |
_c17374 _d17374 |
||